مكتبة جامعة عجلون الوطنية

فهرس بحث المكتبة

Normal view MARC view
  • الجغرافيون العرب-تراجم

Entry Topical Term

Number of records used in: 1

001 - CONTROL NUMBER

  • control field: 62184

003 - CONTROL NUMBER IDENTIFIER

  • control field: JO-AjAnu

005 - DATE AND TIME OF LATEST TRANSACTION

  • control field: 20230606084146.0

008 - FIXED-LENGTH DATA ELEMENTS

  • fixed length control field: 230606|| aca||aabn | a|a d

040 ## - CATALOGING SOURCE

  • Original cataloging agency: JO-AjAnu
  • Transcribing agency: JO-AjAnu

150 ## - HEADING--TOPICAL TERM

  • Topical term or geographic name entry element: الجغرافيون العرب-تراجم

670 ## - SOURCE DATA FOUND

  • Source citation: Work cat.: (JO-AjAnu)31714: تأليف مراد، ظريف رمضان؛ تقديم محمد محمود ابراهيم الديب, author 62183, دراسة في التراث الجغرافي العربي: ابن حوقل ومنهجه الجغرافي تحقيق ودراسة لجغرافية مصر من كتاب (صورة الارض)